| 000 | 00663nam a2200289Ia 4500 | ||
|---|---|---|---|
| 005 | 20260324131815.0 | ||
| 008 | 008 260324s9999 xx 000 0 eng d | ||
| 020 | _a9780429477607 | ||
| 037 | _aEBOOK | ||
| 040 | _aCRL | ||
| 040 | _beng | ||
| 040 | _cCRL | ||
| 041 | _2eng | ||
| 041 | _aeng | ||
| 084 | _qCRL | ||
| 100 |
_aGladeana McMahon _91171147 |
||
| 245 | 0 | _aNo More Anxiety! | |
| 245 | 0 | _bBe Your Own Anxiety Coach | |
| 260 | _bTaylor and Francis | ||
| 260 | _c2005 | ||
| 365 | _a | ||
| 365 | _b205 | ||
| 856 | _uhttp://www.taylorfrancis.com/books/9780429477607 | ||
| 942 | _cEBOOK | ||
| 999 |
_c1784409 _d1784409 |
||